000 00299nam a22001217a 4500
008 170922b xxu||||| |||| 00| 0 eng d
041 _aeng
080 _a37
100 _a46
101 _aEDU
245 _aDEVELOPMNETAL COGNITIVE ASPECTS OF LEARNIND SPELL
_cHENDERSON.E.H
942 _2udc
_cBK
999 _c29114
_d29114